Essays on writing / (Record no. 48380)

MARC details
000 -LEADER
fixed length control field 00981cam a2200289 a 4500
001 - CONTROL NUMBER
control field 15365716
003 - CONTROL NUMBER IDENTIFIER
control field 0
005 - DATE AND TIME OF LATEST TRANSACTION
control field 20170201151238.0
008 - FIXED-LENGTH DATA ELEMENTS--GENERAL INFORMATION
fixed length control field 080714s2009 nyu b 000 0 eng
020 ## - INTERNATIONAL STANDARD BOOK NUMBER
International Standard Book Number 9780205536412
040 ## - CATALOGING SOURCE
Original cataloging agency DLC
Transcribing agency spu
050 00 - LIBRARY OF CONGRESS CALL NUMBER
Classification number PE1404
Item number .B77 2009
100 1# - MAIN ENTRY--PERSONAL NAME
Personal name Bryant, Lizbeth.
245 10 - TITLE STATEMENT
Title Essays on writing /
Statement of responsibility, etc Lizbeth A. Bryant, Heather M. Clark.
260 ## - PUBLICATION, DISTRIBUTION, ETC. (IMPRINT)
Place of publication, distribution, etc New York :
Name of publisher, distributor, etc Longman,
Date of publication, distribution, etc 2009.
300 ## - PHYSICAL DESCRIPTION
Extent xii, 212 p. ;
Dimensions 21 cm.
490 1# - SERIES STATEMENT
Series statement Longman topics reader
504 ## - BIBLIOGRAPHY, ETC. NOTE
Bibliography, etc Includes bibliographical references.
650 #0 - SUBJECT ADDED ENTRY--TOPICAL TERM
Topical term or geographic name as entry element English language
General subdivision Composition and exercises
-- Study and teaching (Higher)
650 #0 - SUBJECT ADDED ENTRY--TOPICAL TERM
Topical term or geographic name as entry element English language
General subdivision Rhetoric
-- Study and teaching (Higher)
650 #0 - SUBJECT ADDED ENTRY--TOPICAL TERM
Topical term or geographic name as entry element Report writing
General subdivision Study and teaching (Higher)
650 #0 - SUBJECT ADDED ENTRY--TOPICAL TERM
Topical term or geographic name as entry element College prose.
700 1# - ADDED ENTRY--PERSONAL NAME
Personal name Clark, Heather,
Dates associated with a name 1973-
830 #0 - SERIES ADDED ENTRY--UNIFORM TITLE
Uniform title Longman topics.
856 41 - ELECTRONIC LOCATION AND ACCESS
Materials specified Table of contents only
Uniform Resource Identifier <a href="http://www.loc.gov/catdir/toc/fy0904/2008030614.html">http://www.loc.gov/catdir/toc/fy0904/2008030614.html</a>
942 ## - ADDED ENTRY ELEMENTS (KOHA)
Source of classification or shelving scheme Library of Congress Classification
Koha item type Book
Holdings
Withdrawn status Lost status Source of classification or shelving scheme Damaged status Not for loan Collection code Home library Current library Shelving location Date acquired Source of acquisition Cost, normal purchase price Total Checkouts Full call number Barcode Date checked out Copy number Price effective from Koha item type
    Library of Congress Classification     Non-fiction Nairobi Campus Nairobi Campus General Circulation 01/02/2017 Donation-BFA 1000.00 4 PE1404 .B77 2009 050139 10/08/2019 1 01/02/2017 Book